01147nab a22002057a 4500999001500000003000400015005001700019008004100036040000700077100003600084245018100120300001300301500003700314505023100351505012700582650002800709650003500737773015600772942001300928 c6214d6214OSt20260125235859.0190514b xxu||||| |||| 00| 0 spa d cPJ 96674aCorleta, Natalia Daniela 10aAlgunas reflexiones sobre la inconstitucionalidad del art. 558 del Cód. Civ. y Com. y el rol de la socioafectividad en el derecho de las familias /bNatalia Daniela Corleta.  ap. 76-81 aCita: TR LALEY AR/DOC/1517/2024. aSumario: I. Introducción.— II. El fallo de análisis. La inconstitucionalidad del art. 558 del Cód. Civ. y Com.— III. La socioafectividad, ¿fuente autónoma de triple filiación?— IV. Breves reflexiones finales.  tFallo comentado: JFamilia Nro. 8, Mendoza ~ 01/02/2024 ~ P., J. N. y P., J. A. c. D A., H. R. s/ acción de filiación. 09967aDERECHO DE FAMILIA 091057aJURISPRUDENCIA APLICABLE0 0284493222dBuenos Aires : AbeledoPerrot, 1989-tDerecho de familia. Revista Interdisciplinaria de doctrina y jurisprudencia. Agosto 2024-IV.z18511201 2udccANA